Loading...
| Fine Arts - Classical Music and Opera | 3 | 4 | 0 | 1 | 85 | 62 | 95.29 | 1 | 2 | 23.99 | 37.86 |
| Fine Arts - Painting and Sculpture | 0 | 8 | 0 | 0 | 80 | 82 | 124.50 | 0 | 4 | 10.58 | 44.26 |
| Philosophy | 1 | 6 | 0 | 0 | 75 | 68 | 112.71 | 3 | 4 | 10.58 | 37.26 |
| History - American | 1 | 5 | 1 | 2 | 60 | 82 | 120.17 | 0 | 2 | 9.27 | 25.88 |
| Social Science | 0 | 6 | 1 | 0 | 55 | 73 | 99.67 | 1 | 5 | 12.04 | 34.18 |
| Literature - British | 3 | 1 | 0 | 0 | 55 | 25 | 68.75 | 2 | 4 | 15.19 | 27.47 |
| Literature - European | 2 | 3 | 1 | 1 | 55 | 61 | 101.20 | 1 | 4 | 12.24 | 25.12 |
| Literature - World | 3 | 1 | 0 | 1 | 55 | 40 | 85.00 | 2 | 3 | 16.15 | 28.53 |
| Literature - American | 0 | 5 | 0 | 1 | 50 | 98 | 127.40 | 0 | 1 | 9.38 | 28.10 |
| History - European | 1 | 4 | 1 | 1 | 50 | 37 | 93.80 | 1 | 3 | 12.66 | 27.85 |
| Religion | 2 | 2 | 0 | 0 | 50 | 67 | 98.50 | 1 | 3 | 9.53 | 24.23 |
| Modern World | 2 | 1 | 0 | 0 | 40 | 64 | 74.33 | 1 | 3 | 20.45 | 39.93 |
| History - Other | 1 | 1 | 0 | 0 | 25 | 16 | 69.00 | 1 | 2 | 7.81 | 13.69 |
| Fine Arts - Other Arts | 1 | 1 | 0 | 0 | 25 | 52 | 98.00 | 1 | 1 | 8.55 | 19.05 |
| Mythology | 0 | 2 | 1 | 0 | 15 | 86 | 103.50 | 0 | 2 | 7.75 | 21.55 |
| Other Culture | 1 | 0 | 0 | 0 | 15 | 59 | 59.00 | 0 | 1 | 15.72 | 22.92 |
| Other Academic | 1 | 0 | 0 | 0 | 15 | 66 | 66.00 | 0 | 1 | 8.64 | 15.48 |
| History - World | 0 | 1 | 0 | 0 | 10 | 92 | 92.00 | 0 | 1 | 2.55 | 5.95 |
| Other Science (Astronomy) | 0 | 1 | 0 | 0 | 10 | 114 | 114.00 | 0 | 0 | 12.50 | 30.00 |
| Other Science (Computer Science) | 0 | 1 | 0 | 1 | 10 | 130 | 130.00 | 0 | 0 | 0.00 | 6.25 |
| Other Science (Earth Science) | 0 | 1 | 0 | 0 | 10 | 113 | 113.00 | 0 | 0 | 6.24 | 13.33 |
| Other Science (Engineering) | 0 | 1 | 0 | 0 | 10 | 90 | 90.00 | 0 | 1 | 37.06 | 80.00 |
| Geography | 0 | 1 | 0 | 0 | 10 | 128 | 128.00 | 0 | 0 | 3.91 | 24.44 |
| Other Science (Math) | 0 | 1 | 1 | 0 | 5 | 149 | 149.00 | 1 | 1 | 0.26 | 18.46 |
| Science - Chemistry | 0 | 0 | 1 | 0 | -5 | 0.00 | 0 | 0 | 0.00 | 0.00 |